| 000 | 00406nam a2200157 a 4500 | ||
|---|---|---|---|
| 001 | 84 | ||
| 003 | CDMR | ||
| 005 | 20130516154519.0 | ||
| 008 | 130130s1987||||||||||||||||||||||||||||d | ||
| 020 | _a9686642412 | ||
| 040 |
_aCDMR _bcat _cCDMR |
||
| 100 | 1 |
_aGoodwin, H. Eugene _982 |
|
| 245 | 1 | 2 |
_aA la búsqueda de una ética en el periodismo _cH. Eugene Goodwin |
| 260 |
_aMéxico _c1987 _bGernika |
||
| 942 |
_cMON _2udc |
||
| 999 |
_c84 _d84 |
||